| 000 | 00450 a2200145 4500 | ||
|---|---|---|---|
| 020 | _a9812530258 | ||
| 082 | _a624.1821 ENG | ||
| 100 | _aEnglekirk, Robert E., | ||
| 245 |
_aSteel structures : _bcontrolling behavior through design / _cRobert Englekirk. |
||
| 260 |
_aNew York : _bWiley, _c2003. |
||
| 300 |
_axxii, 807 p. : _bill. ; _c26 cm. |
||
| 650 | _aBuilding, Iron and steel. | ||
| 650 | _aStructural design. | ||
| 650 | _aSteel, Structural. | ||
| 650 | _aLoad factor design. | ||
| 999 |
_c1297 _d1297 |
||